000 00280nam a22001337a 4500
020 _a0-7214-0885-0
082 _a823
_bCOL/R
100 _aCOLLINS, JOAN
245 _aROBIN HOOD
260 _aENGLAND
_bLADY BIRD
300 _a43
650 _aENGLISH SHORT STORY
_zUK
942 _cBK
999 _c2404
_d2404